The Art of Assassin's Creed III (The Titan Book) (Record no. 2246)

000 -LEADER
fixed length control field 00333nam a2200133Ia 4500
008 - FIXED-LENGTH DATA ELEMENTS--GENERAL INFORMATION
fixed length control field 180730s9999||||xx |||||||||||||| ||und||
020 ## - INTERNATIONAL STANDARD BOOK NUMBER
International Standard Book Number 9781781164259
082 ## - DEWEY DECIMAL CLASSIFICATION NUMBER
Classification number 700
Item number MCV/T
100 ## - MAIN ENTRY--PERSONAL NAME
Personal name McVittie, Andy
245 #4 - TITLE STATEMENT
Title The Art of Assassin's Creed III (The Titan Book)
260 ## - PUBLICATION, DISTRIBUTION, ETC.
Name of publisher, distributor, etc. Titan Book
Date of publication, distribution, etc. 2012
300 ## - PHYSICAL DESCRIPTION
Extent 141p
942 ## - ADDED ENTRY ELEMENTS (KOHA)
Institution code [OBSOLETE] BK
Holdings
Withdrawn status Lost status Damaged status Not for loan Collection code Permanent Location Current Location Date acquired Cost, normal purchase price Total Checkouts Full call number Barcode Date last seen Date last checked out Price effective from Koha item type
        School of Animation (Noida) MUIT-NOIDA MUIT-NOIDA 2018-07-30 1498.00 1 700 MCV/T ANM00295 2025-11-06 2025-10-30 2018-07-30 Book

All Rights Reserved@MUIT

Powered by Koha